The complete infidel's guide to ISIS / (Record no. 124665)
[ view plain ]
| 000 -LEADER | |
|---|---|
| fixed length control field | 01620cam a2200361 i 4500 |
| 001 - CONTROL NUMBER | |
| control field | 18702645 |
| 003 - CONTROL NUMBER IDENTIFIER | |
| control field | ARRUPE |
| 005 - DATE AND TIME OF LATEST TRANSACTION | |
| control field | 20160420152613.0 |
| 008 - FIXED-LENGTH DATA ELEMENTS--GENERAL INFORMATION | |
| fixed length control field | 150716s2015 dcu b 001 0 eng |
| 010 ## - LIBRARY OF CONGRESS CONTROL NUMBER | |
| LC control number | 2015026643 |
| 020 ## - INTERNATIONAL STANDARD BOOK NUMBER | |
| International Standard Book Number | 9781621574538 (paperback) |
| 040 ## - CATALOGING SOURCE | |
| Original cataloging agency | DLC |
| Language of cataloging | eng |
| Transcribing agency | DLC |
| Description conventions | rda |
| Modifying agency | DLC |
| 042 ## - AUTHENTICATION CODE | |
| Authentication code | pcc |
| 043 ## - GEOGRAPHIC AREA CODE | |
| Geographic area code | a-iq--- |
| -- | aw----- |
| 050 00 - LIBRARY OF CONGRESS CALL NUMBER | |
| Classification number | HV6433.I722 |
| Item number | S64 2015 |
| 082 00 - DEWEY DECIMAL CLASSIFICATION NUMBER | |
| Classification number | 363.32509567 |
| Edition number | 23 |
| 084 ## - OTHER CLASSIFICATION NUMBER | |
| Classification number | REL037010 |
| -- | POL037000 |
| -- | SOC048000 |
| Source of number | bisacsh |
| 300 ## - PHYSICAL DESCRIPTION | |
| Dimensions | 23 cm |
| 100 1# - MAIN ENTRY--PERSONAL NAME | |
| Personal name | Spencer, Robert, |
| Dates associated with a name | 1962- |
| 9 (RLIN) | 23978 |
| 245 14 - TITLE STATEMENT | |
| Title | The complete infidel's guide to ISIS / |
| Statement of responsibility, etc | Robert Spencer, New York Times Bestselling Author. |
| 260 ## - PUBLICATION, DISTRIBUTION, ETC. (IMPRINT) | |
| Place of publication, distribution, etc | New Jersey |
| Name of publisher, distributor, etc | Regnery Publishing |
| Date of publication, distribution, etc | 2015 |
| 300 ## - PHYSICAL DESCRIPTION | |
| Extent | xxvi, 357 pages ; |
| 504 ## - BIBLIOGRAPHY, ETC. NOTE | |
| Bibliography, etc | Includes bibliographical references and index. |
| 520 ## - SUMMARY, ETC. | |
| Summary, etc | "ISIS is on a campaign to destroy the Western world of "infidels." Who is ISIS? What do its leaders believe? And why exactly do they hate us? New York Times bestselling author Robert Spencer, author of The Complete Infidel's Guide to the Koran, takes on the Islamic State in The Complete Infidel's Guide to ISIS"-- |
| 610 20 - SUBJECT ADDED ENTRY--CORPORATE NAME | |
| Corporate name or jurisdiction name as entry element | IS (Organization) |
| 9 (RLIN) | 23979 |
| 650 #0 - SUBJECT ADDED ENTRY--TOPICAL TERM | |
| Topical term or geographic name as entry element | Terrorism |
| General subdivision | Religious aspects |
| -- | Islam. |
| 9 (RLIN) | 23980 |
| 650 #0 - SUBJECT ADDED ENTRY--TOPICAL TERM | |
| Topical term or geographic name as entry element | Religious fundamentalism. |
| 9 (RLIN) | 23981 |
| 650 #0 - SUBJECT ADDED ENTRY--TOPICAL TERM | |
| Topical term or geographic name as entry element | Jihad. |
| 9 (RLIN) | 23982 |
| 650 #0 - SUBJECT ADDED ENTRY--TOPICAL TERM | |
| Topical term or geographic name as entry element | Terrorism |
| Geographic subdivision | Iraq. |
| 9 (RLIN) | 23983 |
| 650 #0 - SUBJECT ADDED ENTRY--TOPICAL TERM | |
| Topical term or geographic name as entry element | Terrorism |
| Geographic subdivision | Middle East. |
| 9 (RLIN) | 23984 |
| 906 ## - LOCAL DATA ELEMENT F, LDF (RLIN) | |
| a | 7 |
| b | cbc |
| c | orignew |
| d | 1 |
| e | ecip |
| f | 20 |
| g | y-gencatlg |
| 942 ## - ADDED ENTRY ELEMENTS (KOHA) | |
| Source of classification or shelving scheme | Library of Congress Classification |
| Koha item type | Monograph ( Printed materials) |
| Withdrawn status | Lost status | Source of classification or shelving scheme | Damaged status | Not for loan | Collection code | Home library | Current library | Shelving location | Date acquired | Total Checkouts | Full call number | Barcode | Date last seen | Price effective from | Koha item type |
|---|---|---|---|---|---|---|---|---|---|---|---|---|---|---|---|
| Library of Congress Classification | Main Collection | ARRUPE LIBRARY | ARRUPE LIBRARY | Main Collection | 20/04/2016 | HV6433.I722 S64 2015 | 46500006563 | 30/04/2018 | 20/04/2016 | Monograph ( Printed materials) |